000 00703nam a2200265Ia 4500
005 20260121165625.0
008 008 260114s9999 xx 000 0 eng d
020 _a9783662495346
037 _aEBOOK
040 _aCRL
040 _beng
040 _cCRL
041 _2eng
041 _aeng
084 _qCRL
100 _aAbdelkader Hameurlain, Josef Küng, Roland Wagner
_91054026
245 0 _aTransactions on Large-Scale Data- and Knowledge-Centered Systems XXV
260 _bSpringer
260 _bSpringer
260 _c2016
856 _uhttps://link.springer.com/openurl?genre=book&isbn=978-3-662-49534-6
942 _cEBOOK
999 _c1619752
_d1619752